The children of the dream/ (Record no. 213)

MARC details
000 -LEADER
fixed length control field 00465nam a2200181 a 4500
005 - DATE AND TIME OF LATEST TRANSACTION
control field 20260322212011.0
008 - FIXED-LENGTH DATA ELEMENTS--GENERAL INFORMATION
fixed length control field data
010 ## - LIBRARY OF CONGRESS CONTROL NUMBER
LC control number 69-10505
090 ## - LOCALLY ASSIGNED LC-TYPE CALL NUMBER (OCLC); LOCAL CALL NUMBER (RLIN)
Classification number (OCLC) (R) ; Classification number, CALL (RLIN) (NR) HQ 792 B466c 1969
001 - CONTROL NUMBER
control field data
100 1# - MAIN ENTRY--PERSONAL NAME
Personal name Bettelheim, Bruno
245 14 - TITLE STATEMENT
Title The children of the dream/
Statement of responsibility, etc. Bruno Bettelheim.
260 ## - PUBLICATION, DISTRIBUTION, ETC.
Place of publication, distribution, etc. NEW York
Name of publisher, distributor, etc. Macmillan
Date of publication, distribution, etc. c1969
300 ## - PHYSICAL DESCRIPTION
Extent xii, 363 p.
500 ## - GENERAL NOTE
General note Bibliography: p. 339-345.
650 #4 - SUBJECT ADDED ENTRY--TOPICAL TERM
Topical term or geographic name entry element Children in Israel.
650 #4 - SUBJECT ADDED ENTRY--TOPICAL TERM
Topical term or geographic name entry element Collective settlements
Geographic subdivision Israel
Holdings
Withdrawn status Lost status Damaged status Not for loan Home library Current library Shelving location Date acquired Total checkouts Full call number Barcode Date last seen Price effective from Koha item type
        Fairfield Fairfield General stacks 22/03/2026   GEN BC0010221 22/03/2026 22/03/2026 Books